000 01257nam a2200301 i 4500
003 EG-GICUC
005 20260307182953.0
008 260303s1992 ua d|||fr|||| 00| 0 ara d
040 _a EG-GICUC
_bara
_c EG-GICUC
_d EG-GICUC
_erda
041 _aara
082 0 4 _221
_a341.762
_bف ت . ح
092 0 4 _221
099 _aLaw1 11 341.762 ف ت . ح1992
100 0 _aفتحى إسماعيل والى
_eمشرف.
245 _aالحماية القانونية للبيئة فى مصر :
_bأيحاث المؤتمر العلمى الأول للقانونيين المصريين /
_cفتحى إسماعيل والى .
264 _aالقاهرة :
_bالجمعية المصرية للإقتصاد السياسى و الإحصاء و التشريع ,
_c1992.
300 _a12 صفحة
_bإيضاحيات، مثيليات ؛
_c24 سم
336 _2rda content
_atext
337 _2rda media
_aComputer
338 _2rda carrier
_aOnline Resource
500 _aيشتمل على إيضاحيات، مثيليات .
546 _aالنص باللغة العربية
650 1 _aالمسوؤلية الدولية
651 1 _2qrmak
856 4 0 _uhttps://fll.law.cu.edu.eg/fulltext/bks/B11-07808.pdf
905 _a60
942 _2ddc
_cBK
_e21
_n0
999 _c64768
_d64768